Implementing Model-Oriented Decision Support Systems

Salvato in:
Dettagli Bibliografici
Autore principale: Kivijärvi, Hannu
Natura: Libro
Lingua:inglese
Pubblicazione: Helsinki School of Economics 1987
Edizione:1. ed.
Serie:Acta Academiae Oeconomicae Helsingiensis
Tags: Aggiungi Tag
Nessun Tag, puoi essere il primo ad aggiungerne!!

MARC

LEADER 00000nam a2200000 4500
001 c031338
005 20221219120002.0
041 0 |a eng 
044 |a FI 
245 1 0 |a Implementing Model-Oriented Decision Support Systems  |c Hannu Kivijärvi 
250 |a 1. ed. 
264 1 |a Helsinki  |b School of Economics  |c 1987 
300 |a 241 s. 
490 1 |a Acta Academiae Oeconomicae Helsingiensis 
830 0 |a Acta Academiae Oeconomicae Helsingiensis 
100 1 |a Kivijärvi, Hannu